000 00795nam a2200229Ia 4500
001 16698
003 GE_BSU
008 181216s||||||||xx |||||||||||||| ||und||
040 _cGE_BSU
080 _a821.161.1-31
100 _aკატაევი, ვალენტინ
245 _aზამთრის ქარები; კატაკომბები
245 _bრომანები
245 _cთარგმნა ც. ინწკირველმა. რედ.თ.ჩხაიძე
260 _aთბილისი
260 _bნაკადული
260 _c1979
300 _a752გვ. ; 21სმ
653 _aზამთრის ქარები; კატაკომბები
653 _aრომანები
942 _cBK
999 _c49763
_d49763